000 00598njm a2200181 i 4500
001 C2-0217770
003 PPAK
005 20180729152035.0
008 990707s1983 my |||| ||||| | may d
040 _aPPAK
_beng
_cPPAK
_erda
245 0 0 _aZaman persekolahan Kebawah DYMM Tuanku Sultan Kedah
264 1 _aAlor Setar, Kedah :
_bPerbadanan Perpustakaan Awam Kedah ,
_c1983
336 _2rdacontent
_atext
337 _2rdamedia
_aunmediated
338 _2rdacarrier
_avolume
500 _aDirakam pada 28/7/83 ; Temubual dengan Tuan Hj. Mohd Zain Rashid ; Mempunyai transkripsi
942 _ddc
_cB
999 _c163062
_d163062